Statistics for Jodie comer ( Killing eve) Filmography

Click here to take the quiz!

General Stats

  • This quiz has been taken 28 times
    (19 since last reset)
  • The average score is 9 of 24

Answer Stats

Yearcharacter/ rolefilm/tv name% Correct
2018-2019VillanelleKilling Eve
100%
2016Ivy MoxamThirteen
86%
2013-2015Chloe GemellMy Mad Fat Diary
86%
2015-2017Kate ParksDoctor Foster
86%
2017Princess ElizabethThe White Princess
71%
2020Molotov GirlFree Guy
50%
2017ChristineEngland is Mine
43%
2010Ellie JenkinsHolby City
43%
2016Beryl EvansRillington Place
43%
2012Maddy EldonCasualty
43%
2010Sarah EvansWaterloo Road
36%
2012AmyGood Cop
29%
2012Eve GilstonSilent Witness
29%
2014Hannah wardRemember Me
29%
2012Kelly LowtherDoctors
29%
2012MarcyThe Last Bite
21%
2011Sharna MulhearneJustice
21%
2018LindaSnatches: Moments from women's Lives
14%
2008LeanneThe Royal Today
14%
2015Ivy BoltonLady chatterley's Lover
14%
2014Justine LeylandInspector George gently
14%
2013Izzy RawlinsVera
7%
2013Jess HaysLaw & order: UK
7%
2012-2013Gemma/ Cat sullivanComing Up
7%

Score Distribution

Percentile by Number Answered

Percent of People with Each Score

Your Score History

You have not taken this quiz since the last reset